Háblame de Herbert (Record no. 179903)

MARC details
000 -LEADER
campo de control de longitud fija 01163nam a2200325 i 4500
001 - NÚMERO DE CONTROL
campo de control 179903
003 - IDENTIFICADOR DE NÚMERO DE CONTROL
campo de control ES-MaACL
005 - FECHA Y HORA DE LA ÚLTIMA TRANSACCIÓN
campo de control 20250805005729.0
008 - DATOS DE LONGITUD FIJA--INFORMACIÓN GENERAL
campo de control de longitud fija 120222s2010 sp aco |||| | spa d
020 ## - NÚMERO INTERNACIONAL ESTÁNDAR DEL LIBRO
Número Internacional Estándar del Libro 978-84-92639-15-1
080 ## - NÚMERO DE LA CLASIFICACIÓN DECIMAL UNIVERSAL
Número de la Clasificación Decimal Universal 821.134.2-23"19"
100 1# - ENTRADA PRINCIPAL--NOMBRE DE PERSONA
Nombre de persona Dombriz, Elicio.
9 (RLIN) 149430
245 10 - MENCIÓN DEL TÍTULO
Título Háblame de Herbert
Resto del título ; De piel dorada /
Mención de responsabilidad, etc. de Elicio Dombriz Andrada ; edición de Irene Aragón González.
246 30 - FORMA VARIANTE DEL TITULO
Título propio/Titulo breve De piel dorada
246 3# - FORMA VARIANTE DEL TITULO
Título propio/Titulo breve Premios Lope de Vega, 1983-1984
250 ## - MENCION DE EDICION
Mención de edición 1ª ed.
260 ## - PUBLICACIÓN, DISTRIBUCIÓN, ETC.
Lugar de publicación, distribución, etc. Madrid :
Nombre del editor, distribuidor, etc. Asociación de Directores de Escena de España,
Fecha de publicación, distribución, etc. 2010.
300 ## - DESCRIPCIÓN FÍSICA
Extensión 231 p. :
Otras características físicas il., fot. ;
Dimensiones 22 cm.
490 1# - MENCIÓN DE SERIE
Mención de serie Publicaciones de la ADE
490 1# - MENCIÓN DE SERIE
Mención de serie Premios Lope de Vega ;
Designación de volumen o secuencia 20
504 ## - NOTA DE BIBLIOGRAFÍA, ETC.
Nota de bibliografía, etc. Bibliografía: p. 49-50.
700 1# - ENTRADA AGREGADA--NOMBRE PERSONAL
Nombre de persona Aragón González, Irene.
9 (RLIN) 22187
710 2# - ENTRADA AGREGADA--NOMBRE DE ENTIDAD CORPORATIVA
Nombre de entidad corporativa o nombre de jurisdicción como elemento de entrada Asociación de Directores de Escena.
9 (RLIN) 159413
830 0# - PUNTO DE ACCESO ADICIONAL DE SERIE-TÍTULO UNIFORME
Título uniforme Publicaciones de la ADE
9 (RLIN) 191140
830 00 - PUNTO DE ACCESO ADICIONAL DE SERIE-TÍTULO UNIFORME
Título uniforme Premios Lope de Vega
Designación de volumen o secuencia 20
9 (RLIN) 189480
852 ## - LOCALIZACIÓN
Ubicación ES-MaACL
itemnumber 186805
Número de control de estantería A-11982
Sublocalización o colección R.148520
Signatura antigua Olim: N-4987
Ubicación en estantería Depósito 1
942 ## - ELEMENTOS DE ENTRADA SECUNDARIOS (KOHA)
Fuente del sistema de clasificación o colocación Clasificación decimal universal
Tipo de ítem Koha Libro impreso
Holdings
Estatus retirado Estado de pérdida Fuente del sistema de clasificación o colocación Estado de daño No para préstamo Biblioteca de origen Biblioteca actual Ubicación en estantería Fecha de adquisición Fuente de adquisición Total de préstamos Signatura topográfica completa Código de barras Visto por última vez Precio de reemplazo Tipo de ítem Koha
    Clasificación decimal universal     Biblioteca del Ateneo de Madrid Biblioteca del Ateneo de Madrid Depósito 1 22/02/2012 Donación   A-11982 1188997 23/02/2023 23/02/2023 Libro impreso